Responses for The Greatest of All Time game #4 - Wednesday, January 8, 2020

Jeopardy!: The Greatest of All Time match 2, game 2.

Contestants

[<< previous game]

Brad Rutter, the biggest money winner from Los Angeles, California (subtotal of 14,400)

Ken Jennings, the winner of 74 consecutive games from Seattle, Washington (subtotal of 40,000)

James Holzhauer, the setter of 20 Jeopardy! records from Las Vegas, Nevada (subtotal of 44,314)

[next game >>]

Jeopardy! Round responses

MOZART
(Jimmy: Clues about one of music's great geniuses, from his hometown: Salzburg, Austria.)
THE ____ OF ____
THIS WILL TIE YOUR ROOM TOGETHER
THEY'RE BACK!
NAME THE DECADE
(Alex: How appropriate--we deal with...)
GOATS
    200 30
Amadeus

Ken
    200 29
the Sea of Tranquility

Ken
    200 28
Mecca

Brad
    200 27
The Twilight Zone

Ken
    200 26
the 1500s (or the 16th)

Brad
    200 25
butting

James
    400 20
unfinished

Ken
    400 18
the Age of Aquarius

Ken
    400 21
the Navajo

Ken
    400 22
Dynasty

James
    400 23
the 1820s

James
    400 24
homogenized

James
    600 16
a concerto

James
    600 17
Bay of Pigs

James
    600 15
agave

Ken
    600 7
Veronica Mars

James
    600 5
the 1690s

James
    600 19
the Naval Academy

Brad
    800 2
the Enlightenment

James
    800 10
the Colossus of Rhodes

Ken
    800 14
the Kurds

Ken
    800 1
[NOTE: James selected the first clue.]

One Day at a Time

James
    800 3
the 1340s

Brad
    800 11
chèvre

Ken
    1000 12
Maria Theresa

James
    1000 9
the Reign of Terror

James
    1000 13
(James: Who is Bruegel?)

(Hans) Holbein (the Younger)

JamesBrad
    1000 8
Fuller House

Ken
    1,000 4
the 1480s

Brad
    1000 6
Capra

Ken

Scores at the first commercial break (after clue 15):

James Ken Brad
3,800 5,000 2,800

Scores at the end of the Jeopardy! Round:

James Ken Brad
6,400 6,800 3,800

Double Jeopardy! Round responses

I JUST TOOK A DNA TEST
(Alex: Oh, gosh!)
POP CULTURE PEOPLE
AUDIBLE
"G"EOGRAPHY
20-LETTER WORDS
GOATS (GREATEST OF ALL TIME)
    400 22
a carrier

James
    400 30
(Brad: Who is [*]? [Pointing to his score] Quite appropriate! [Chuckles])

Vanilla Ice

Brad
    400 29
Elton John

James
    400 28
(James: What is [*]?)
(Alex: Yeah.)
(James: Boo!)

Green Bay

James
    400 26
semiautobiographical

James
    400 27
1945

Ken
    800 21
a genome

James
    800 23
Predator

Ken
    800 24
Rachel Maddow

Ken
    800 19
Guam

Ken
    800 12
(James: What is an electroencephalograph?)
...
(Ken: Sorry guys--what is [*]?)
...
[James chuckles]
(Alex: One off!)
(Ken: [Shrugging] Sorry.)

an electroencephalogram

JamesKen
    800 25
Hercule Poirot & Jane Marple

Ken
    1200 20
mitochondria

James
    1200 11
Lisa Kudrow

Ken
    1200 18
Portrait of the Artist as a Young Man

Ken
    1200 5
(Brad: What is Granada?)

Guadalajara

KenBrad
    1200 8
a counterdemonstration

Ken
    1200 15
Richard Pryor

Brad
    3,800 1
(Alex: Brad?)
(Brad: Uh, what is 2?)

22

Brad
    1600 10
(Jodie) Whittaker

James
    1600 17
Tales of the City

Ken
    8,400 3
Gaborone

James
    1600 6
anthropomorphization

Ken
    1600 14
Planck

James
    2000 2
A, C, G & T

James
    2000 9
Debbie Harry

Triple Stumper
    2000 16
Graham Greene

Ken
    2000 4
the Gallatin

Triple Stumper
    2000 7
(Brad: What is uncharacteristic...)
(Alex: No.)
(Brad: ...ly?)
...
(Alex: I ruled against you before you completed it, Brad, sorry.)

uncharacteristically

KenBrad
    2000 13
(Brad: Who is Enda Kenny?)
(Ken: Who is Adams?)

John Hume

KenBrad
Triple Stumper

Scores at the end of the Double Jeopardy! Round:

James Ken Brad
22,800 21,200 -3,600

[wagering suggestions for these scores]

Final Jeopardy! Round responses

19th CENTURY LEADERS
KenWho are Napoleon and Monroe?
3,800
JamesWho are Napoleon & Madison?
15,300
Napoleon & Madison

Final scores:

James Ken Brad
38,100 17,400 -3,600

Cumulative scores:

James Ken Brad
82,414 57,400 14,400
Winner: 1 match point 2nd place 3rd place

Game dynamics:

Coryat scores:

James Ken Brad
16,000 21,200 200
22 R
(including 1 DD),
2 W
26 R,
1 W
8 R
(including 1 DD),
4 W
(including 1 DD)

Combined Coryat: 37,400

The J! Archive is created by fans, for fans. The Jeopardy! game show and all elements thereof, including but not limited to copyright and trademark thereto, are the property of Jeopardy Productions, Inc. and are protected under law. This website is not affiliated with, sponsored by, or operated by Jeopardy Productions, Inc. Join the discussion at JBoard.tv.